Statistics for Important planes

Click here to take the quiz!

General Stats

  • This quiz has been taken 8 times
  • The average score is 5 of 15

Answer Stats

FactPlane% Correct
Supersonic commercial flight that went out of service due to a fatal crash in Paris.Concord
100%
The first ever plane in flight was what type?Biplane
67%
Emirates use this type of plane between London and Dubai most of the time.Airbus A380
50%
The most renowned planes that took part in WWII for the Royal Air Force.Supermarine Spitfire
50%
Quickest plane to cross the Atlantic Ocean.Blackbird
33%
German Air Force planes that tried to take over the UK.Luftwaffe
33%
Plane that went missing an hour or two after take-off in Kuala Lumpar.Malaysia Airlines MH370
33%
What type of plane was the Spirit of St Louis?A monoplane
17%
Plane company that had to make a belly landing on the River Severn.B.O.A.C
17%
This is one of the most expensive private jets of all! (It is also the most well known)Cessna Citation XL
17%
Matt LaBlanc tried to land this plane on Top Gear using a Dodge Demon.ER-2
17%
Chris Harris raced this plane on Top Gear.F-35B Lightning
17%
This plane is mostly used for private or business use.Gulfstream IV
17%
This plane flies the shortest route in the world!Loganair Westray
17%
This is a very important 6 seater plane made in America and made to travel long distances.Lockheed Vega 5b
0%

Score Distribution

Percentile by Number Answered

Percent of People with Each Score

Your Score History

You have not taken this quiz